Statistics for Famous People Born in Massachusetts

Click here to take the quiz!

General Stats

  • This quiz has been taken 110 times
  • The average score is 17 of 39

Answer Stats

DescriptionFamous PersonBirth City% Correct
2nd presidentJohn AdamsQuincy
81%
6th presidentJohn Quincy AdamsQuincy
81%
Children's author of The Cat in the Hat, Green Eggs & Ham, etc.Dr. SeussSpringfield
74%
Founding Father on $100 billBenjamin FranklinBoston
72%
Author and poet of The RavenEdgar Allan PoeBoston
70%
35th presidentJohn F. KennedyBrookline
70%
Founding Father with large signatureJohn HancockQuincy
69%
41st presidentGeorge H. W. BushMilton
67%
Man who planted many apple treesJohnny AppleseedLeominster
65%
Actor of Spirit Stallion of the Cimarron and Jason BourneMatt DamonCambridge
63%
Inventor of the cotton ginEli WhitneyWestborough
57%
Actor as Spock on Star TrekLeonard NimoyBoston
56%
Actor of The Departed and TedMark WahlbergDorchester
56%
Patriot known for Midnight RidePaul RevereBoston
56%
Actor as Captain AmericaChris EvansBoston
52%
Actress of Pulp Fiction and Kill BillUma ThurmanBoston
52%
Academy award winning actor of Manchester by the SeaCasey AffleckFairmouth
50%
Actor as Chandler on FriendsMatthew PerryWilliamstown
48%
Actress of Thelma & Louise and Stuart LittleGeena DavisWareham
46%
Actor as Joey on FriendsMatt LeBlancNewton
46%
Actor of Despicable Me, Horton Hears a Who and Over the HedgeSteve CarellConcord
44%
Host of a TBS late night showConan O'BrienBrookline
39%
Original host of The View and 20/20Barbara WaltersBoston
37%
WWE star since 1999, voice of FerdinandJohn CenaWest Newbury
37%
Actor of Sausage Party and Fight ClubEdward NortonBoston
31%
Actress best known as Joy in Inside OutAmy PoehlerNewton
30%
Actor as Grandpa Joe in Willy WonkaJack AlbertsonMalden
20%
Actor as the Tin Man in The Wizard of OzJack HaleyBoston
20%
Puppeteer of both Big Bird and Oscar the GrouchCaroll SpinneyWaltham
19%
Actress of The Lego Movie and The Hunger GamesElizabeth BanksPittsfield
19%
Actress best known as Disgust in Inside OutMindy KalingCambridge
19%
Actor/comedian of a bug's life and Ice AgeDenis LearyWorcester
17%
Actor as the scarecrow in The Wizard of OzRay BolgerDorchester
17%
Host of his live show on Food NetworkEmeril LagasseFall River
15%
Actor of Miracle and Guardians of the GalaxyKurt RussellSpringfield
15%
Autistic inventor of the hug box deviceTemple GrandinBoston
13%
Actress of Finding Nemo, Over the Hedge and MinionsAllison JanneyBoston
11%
Director of Finding Nemo and WALL-EAndrew StantonRockport
11%
Actress of a bug's life and The Muppet MovieMadeline KahnBoston
6%

Score Distribution

Percentile by Number Answered

Percent of People with Each Score

Your Score History

You have not taken this quiz